It looks like you're offline.
Open Library logo
additional options menu

MARC record from Internet Archive

LEADER: 04182cam 2200937I 4500
001 ocm00223682
003 OCoLC
005 20191227123010.0
008 720118s1966 njua b 000 0 eng
010 $a 66010553
040 $aDLC$beng$cWSU$dSER$dOCLCQ$dNLGGC$dUQ1$dZWZ$dDEBBG$dUKMGB$dOCLCF$dOCLCQ$dOCLCO$dOCL$dNLC$dDHA$dOCLCQ$dCPO$dOCLCO$dGDC$dOCLCA$dRDF
016 7 $a001212914$2Uk
016 $a(AMICUS)000003488111
019 $a494033963$a504014606$a1017290892
035 $a(OCoLC)223682$z(OCoLC)494033963$z(OCoLC)504014606$z(OCoLC)1017290892
043 $ae-gx---
050 00 $aHC286.2$b.F4
055 0 $aHC286.2.F4
082 04 $a940.31
083 0 $aGermany. Political events, 1914-1918
084 $a15.70$2bcl
084 $aNP 4470$2rvk
084 $aPR 2610$2rvk
084 $aQF 620$2rvk
084 $af 153.1$2ifzs
084 $aq 75$2ifzs
084 $at 13$2ifzs
084 $at 14$2ifzs
084 $at 67$2ifzs
084 $a940.31$223
100 1 $aFeldman, Gerald D.
245 10 $aArmy, industry, and labor in Germany, 1914-1918,$cby Gerald D. Feldman.
260 $aPrinceton, N.J.,$bPrinceton University Press,$c1966.
300 $axvi, 572 pages$billustrations$c22 cm
336 $atext$btxt$2rdacontent
337 $aunmediated$bn$2rdamedia
338 $avolume$bnc$2rdacarrier
340 $m8vo.$2rdabf
500 $aRevision of the author's thesis, Harvard University.
504 $a"Bibliographical note": pages 543-546.
505 0 $aThe old regime and the dilemmas of total war. The production, manpower, and social policies of the Prussian war ministry, 1914-1916 -- The army and the internal crisis, 1914-1916: image and reality -- Total mobilization and interest-group politics. Hindenburg program and war office: the triumph of heavy industry -- The auxiliary service bill and the triumph of labor -- The war office under the leadership of General Groener. The war office and the problems of production and organization, December 1916 -- August 1917 -- The war office and the social problem -- The failure of the Auxiliary service law and the first major strikes -- The war office and the social problem -- The great crisis and the dismissal of Groener, May-August 1917 -- The failure of the army. The Ludendorff "dictatorship," August 1917-February 1918 -- Germany in the concluding months of the war: the defeat and the search for a scapegoat.
650 0 $aWorld War, 1914-1918$xEconomic aspects$zGermany.
650 0 $aManpower$zGermany.
611 27 $aWorld War (1914-1918)$2fast$0(OCoLC)fst01180746
650 7 $aEconomics.$2fast$0(OCoLC)fst00902116
650 7 $aManpower.$2fast$0(OCoLC)fst01007872
651 7 $aGermany.$2fast$0(OCoLC)fst01210272
651 7 $aDeutschland$2gnd
650 17 $aEerste Wereldoorlog.$2gtt
650 17 $aOorlogseconomie.$2gtt
650 7 $aGuerre mondiale (1914-1918)$xAspect économique$zAllemagne.$2ram
650 7 $aTravail industriel.$2ram
610 17 $aAllemagne.$bHeer.$2rasuqam
650 7 $aPolitique économique.$2rasuqam
650 7 $aPolitique sociale.$2rasuqam
650 7 $aMain-d'oeuvre.$2rasuqam
650 7 $aIndustrie.$2rasuqam
650 7 $aGroupe de pression.$2rasuqam
650 7 $aPremière Guerre mondiale (1914-1918)$2rasuqam
651 7 $aAllemagne.$2rasuqam
651 7 $aDeutschland.$2swd
648 4 $aSozialgeschichte 1914-1918.
648 7 $a1914-1918$2fast
648 7 $aSozialgeschichte 1914-1918.$2swd
776 08 $iOnline version:$aFeldman, Gerald D.$tArmy, industry, and labor in Germany, 1914-1918.$dPrinceton, N.J., Princeton University Press, 1966$w(OCoLC)776746413
029 1 $aAU@$b000003907222
029 1 $aAU@$b000025042732
029 1 $aAU@$b000048428370
029 1 $aDEBBG$bBV002900980
029 1 $aDEBSZ$b004724240
029 1 $aGBVCP$b040470539
029 1 $aHEBIS$b025250663
029 1 $aNZ1$b3274270
029 1 $aUNITY$b012263044
029 1 $aUNITY$b113113552
029 1 $aZWZ$b119201062
029 1 $aNZ1$b5058
029 1 $aNLC$b000003488111
029 1 $aUKMGB$b001212914
994 $aZ0$bP4A
948 $hNO HOLDINGS IN P4A - 754 OTHER HOLDINGS